00458nam a2200157Ia 4500003000400000008004100004040001600045082001700061100001700078245009100095260004500186300000900231650001500240650002500255650002000280GCL140319s9999 xx 000 0 eng d aGCL / cGCL04a809.916bD E1 aDORSCH, T. S10aENGLISH TRAGEDY BEFORE SHAKESPEARE THE DEVELOPMENT OF DRAMATIC SPEECH / cDORSCH, T. S a[S.N] : bMETHUEN AND CO L T D ، c1967 a301P04aLITERATURE04aSHAKESPEARE, WILLIAM04aENGLISH TRAGEDY